| 000 | 00551nam a2200157 a 4500 | ||
|---|---|---|---|
| 008 | 120416s0000 ||||||||||||||||| || u | ||
| 020 | _a0521429064 | ||
| 050 | _aBL 390 Sma | ||
| 100 | _aSmart, Ninian | ||
| 245 | 1 | 0 | _aThe World's Religions |
| 246 | _aold traditions and modern transformations | ||
| 260 |
_aCambridge _bCUP _c1992 |
||
| 300 | _a576p. : ill. | ||
| 350 | _a0.00 | ||
| 995 |
_D0.00 _FCBU-MAIN LIBRARY (Kitwe) _H1 _I15.95 _M1 _UAVAILABLE _WJul 19, 2006 _ZMain Library Open Access Collection |
||
| 999 |
_c62205 _d62205 |
||